| 000 | 00610nam a2200193 i 4500 | ||
|---|---|---|---|
| 001 | bg | ||
| 100 | 1 | _aBUCHACZ, Jan. | |
| 245 | 0 | 0 |
_aZasady funkcjonowania giełdy : _brynek papierów wartościowych (stan prawny 15.01.1994 r.) / _cJan Buchacz. |
| 260 |
_aJaktarów : _bOśrodek Doradztwa i Szkolenia, _c1994. |
||
| 300 |
_a217 s. ; _c21 cm. |
||
| 650 | 9 |
_aGiełda papierów wartościowych _xprawo _zPolska _ystan na 1994 r. |
|
| 020 | _a8386212004 | ||
| 040 | _cBPK | ||
| 041 | 0 | _apl | |
| 080 | _a336.76:347.731(438) | ||
| 920 | _a83-86212-00-4 | ||
| 942 | _cKS | ||
| 008 | s pl f |000 0 pol | ||
| 999 |
_c39458 _d39458 |
||
| 856 |
_uhttp://koha.tu.koszalin.pl/cgi-bin/koha/opac-detail.pl?biblionumber=39458 _yKatalog online BPK |
||